Najbardziej prostokątne stany USA - Statystyki

Ogólne statystyki
  • Ten quiz został rozwiązany 6 razy
  • Średni wynik to 2 z 8
Statystyki odpowiedzi
Stosunek najdłuższego boku
Do najkrótszego (zaokrąglony)
Odpowiedź % Poprawnych
2 Alabama
67%
2.05 Montana
33%
2.8 Pensylwania
17%
2.2 Rhode Island
17%
2.95 Tennessee
17%
2.5 Missisipi
0%
2.4 New Hampshire
0%
4 Vermont
0%
Nie znaleziono quizów pasujących do podanych kryteriów
Rozkład punktacji
Procent ludzi z każdym wynikiem
Percentyl według liczby udzielonych odpowiedzi
Twoja historia wyników
Nie rozwiązałeś tego quizu